| 000 -LEADER |
| fixed length control field |
00662nam a2200229Ia 4500 |
| 001 - CONTROL NUMBER |
| control field |
9260 |
| 003 - CONTROL NUMBER IDENTIFIER |
| control field |
GE_BSU |
| 008 - FIXED-LENGTH DATA ELEMENTS--GENERAL INFORMATION |
| fixed length control field |
181216s||||||||xx |||||||||||||| ||und|| |
| 040 ## - CATALOGING SOURCE |
| Transcribing agency |
GE_BSU |
| 080 ## - UNIVERSAL DECIMAL CLASSIFICATION NUMBER |
| Universal Decimal Classification number |
628.1.2(075) |
| 100 ## - MAIN ENTRY--PERSONAL NAME |
| Personal name |
Ленский,В.А. |
| 245 ## - TITLE STATEMENT |
| Title |
Водоснабжение и канализация. |
| 245 ## - TITLE STATEMENT |
| Remainder of title |
Учебник. |
| 245 ## - TITLE STATEMENT |
| Statement of responsibility, etc. |
Ред. А.П.Мартынов. |
| 250 ## - EDITION STATEMENT |
| Edition statement |
Изд.4 перепаб. и дополн. |
| 260 ## - PUBLICATION, DISTRIBUTION, ETC. |
| Place of publication, distribution, etc. |
М. |
| 260 ## - PUBLICATION, DISTRIBUTION, ETC. |
| Name of publisher, distributor, etc. |
Высшая школа. |
| 260 ## - PUBLICATION, DISTRIBUTION, ETC. |
| Date of publication, distribution, etc. |
1969. |
| 300 ## - PHYSICAL DESCRIPTION |
| Extent |
432 стр. с илл. 23 см. |
| 653 ## - INDEX TERM--UNCONTROLLED |
| Uncontrolled term |
Водоснабжение и канализация. |
| 942 ## - ADDED ENTRY ELEMENTS (KOHA) |
| Koha item type |
წიგნი |